000
00284nam a2200133Ia 4500
100
_a
Rieger H
942
_c
BK
654
_a
current circuit
245
_a
Alternating current circuit
260
_b
Wiley eastern
_a
New Delhi
_c
1989
300
_a
59
546
_a
ENGLISH
999
_c
34279
_d
34279